LEADER 01119nam a2200253 i 4500 001 000000057198 003 CaOOAMICUS 005 20130103000000.0 008 130103s1993 it u000 u ita u 013 $a28370 040 $aSeMil$bita 100 1 $aBianchi, Luisito,$d<1927-2012>.$0(OLS)http://semarc/name/29041 245 10$aVicus Boldonis terra di marcite. 260 $aItalia :$bAssociazione Amici dell'Abbazia di Viboldone,$cstampa 1993. 300 $a1 v. :$briccamente ill. ;$c23 cm. 500 $aFondo Mezzanotti. - Ried. del v. pubblicato nel 1986. 650 4$aSan Giuliano Milanese - Viboldone.$0(OLS)http://semarc/subject/54398 700 1 $aVolpati, Marco.$0(OLS)http://semarc/name/29043 700 1 $aSibella, Stefano.$0(OLS)http://semarc/name/29042 850 $aSeMil 852 $aSeMil$W1$xVenegono$y1$m3P V 151$j23352$B23352$CSeMilBibl$Z2$F23354 $81 961 $aOmaggio: Mezzanotti mons. Alessandro 996 $6245$aVicus Boldonis terra di marcite$9(OLS)http://semarc/title/88986 996 $6260$aItalia :$bAssociazione Amici dell'Abbazia di Viboldone$9(OLS)http://semarc/publisher/41824 LEADER 01016nam a2200229 i 4500 001 000000200003 003 CaOOAMICUS 005 20240112170510.0 008 110331s1928 it u000 u ita u 013 $a178701 040 $aSeMil$bita 100 1 $aRoncoroni, Ettore.$0(OLS)http://semarc/name/72332 245 13$aLa processionaria del Pino /$cEttore Roncoroni. 260 $aVarese :$bIndustrie Grafiche Amedeo Nicola & C.,$c1928. 300 $a48 p., [6] p. di tav. ;$c25 cm. 500 $aIn testa al front : Consorzio Obbligatorio Provinciale per la lotta contro il maggiolino e la processionaria del pino nella provincia di Varese. 650 4$aLepidotteri.$0(OLS)http://semarc/subject/47083 850 $aSeMil 852 $aSeMil$W1$xVenegono$y1$m3XI III 17$j150537$B150537$CSeMilBibl$Z2$F161882 $81 996 $6245$aLa processionaria del Pino$9(OLS)http://semarc/title/289192 996 $6260$aVarese :$bIndustrie Grafiche Amedeo Nicola & C.$9(OLS)http://semarc/publisher/51421